<?xml version="1.0" encoding="UTF-8"?>
<record
    xmlns:xsi="http://www.w3.org/2001/XMLSchema-instance"
    xsi:schemaLocation="http://www.loc.gov/MARC21/slim http://www.loc.gov/standards/marcxml/schema/MARC21slim.xsd"
    xmlns="http://www.loc.gov/MARC21/slim">

  <leader>01028nam a22001817a 4500</leader>
  <controlfield tag="005">20260312151554.0</controlfield>
  <datafield tag="010" ind1=" " ind2=" ">
    <subfield code="a">BACHN26</subfield>
  </datafield>
  <datafield tag="020" ind1=" " ind2=" ">
    <subfield code="c">800.00</subfield>
    <subfield code="a">9788197808050</subfield>
  </datafield>
  <datafield tag="037" ind1=" " ind2=" ">
    <subfield code="b">&#x935;&#x943;&#x928;&#x94D;&#x926;&#x93E; &#x92A;&#x94D;&#x930;&#x915;&#x93E;&#x936;&#x928;</subfield>
  </datafield>
  <datafield tag="082" ind1=" " ind2=" ">
    <subfield code="a">510</subfield>
  </datafield>
  <datafield tag="100" ind1=" " ind2=" ">
    <subfield code="a">&#x917;&#x917;&#x928; &#x92A;&#x94D;&#x930;&#x924;&#x93E;&#x92A;</subfield>
    <subfield code="9">88408</subfield>
  </datafield>
  <datafield tag="245" ind1=" " ind2=" ">
    <subfield code="a">&#x90F;&#x938;&#x90F;&#x938;.&#x938;&#x940; &#x92E;&#x948;&#x925;&#x94D;&#x938; -&#x926;&#x93E; &#x915;&#x92E;&#x94D;&#x92A;&#x932;&#x940;&#x91F; &#x915;&#x94B;&#x91A;&#x93F;&#x902;&#x917;/</subfield>
    <subfield code="c">&#x917;&#x917;&#x928; &#x92A;&#x94D;&#x930;&#x924;&#x93E;&#x92A; [&#x90F;&#x935;&#x902;] &#x92E;&#x93E;&#x928;&#x935;&#x947;&#x902;&#x926;&#x94D;&#x930; &#x938;&#x93F;&#x902;&#x939; </subfield>
  </datafield>
  <datafield tag="260" ind1=" " ind2=" ">
    <subfield code="a">&#x926;&#x93F;&#x932;&#x94D;&#x932;&#x940;</subfield>
    <subfield code="b">&#x91A;&#x948;&#x92E;&#x94D;&#x92A;&#x940;&#x92F;&#x928; &#x92A;&#x92C;&#x94D;&#x932;&#x93F;&#x915;&#x947;&#x936;&#x928;</subfield>
  </datafield>
  <datafield tag="300" ind1=" " ind2=" ">
    <subfield code="a">974&#x92A;&#x943;.</subfield>
    <subfield code="c">26 &#x938;&#x947;&#x92E;&#x940;(&#x905;&#x91C;&#x93F;&#x932;&#x94D;&#x926;)</subfield>
  </datafield>
  <datafield tag="500" ind1=" " ind2=" ">
    <subfield code="a">&#x90F;&#x938;&#x90F;&#x938;&#x938;&#x940; -&#x938;&#x940;&#x91C;&#x940;&#x90F;&#x932;-&#x91F;&#x93F;&#x92F;&#x930;-&#x964; &#x90F;&#x902;&#x921; &#x964;&#x964;, &#x938;&#x940;&#x91C;&#x940;&#x90F;&#x938;&#x90F;&#x932;, &#x91F;&#x93F;&#x92F;&#x930;-&#x964; &#x90F;&#x902;&#x921;&#x964;&#x964;, &#x938;&#x940;&#x92A;&#x940;&#x913;, &#x90F;&#x92E;&#x91F;&#x940;&#x90F;&#x938;, &#x938;&#x940;&#x921;&#x940;&#x90F;&#x938;, &#x91C;&#x940;&#x921;&#x940;, &#x938;&#x932;&#x947;&#x915;&#x94D;&#x936;&#x928; &#x92A;&#x94B;&#x938;&#x94D;&#x91F; &#x90F;&#x921;&#x902; &#x905;&#x928;&#x94D;&#x92F;</subfield>
  </datafield>
  <datafield tag="700" ind1=" " ind2=" ">
    <subfield code="a">&#x92E;&#x93E;&#x928;&#x935;&#x947;&#x902;&#x926;&#x94D;&#x930; &#x938;&#x93F;&#x902;&#x939;</subfield>
    <subfield code="9">88409</subfield>
  </datafield>
  <datafield tag="942" ind1=" " ind2=" ">
    <subfield code="a">dpl</subfield>
    <subfield code="c">HN</subfield>
    <subfield code="2">ddc</subfield>
    <subfield code="m">&#x917;&#x917;&#x928;</subfield>
    <subfield code="h">510</subfield>
  </datafield>
  <datafield tag="999" ind1=" " ind2=" ">
    <subfield code="c">215069</subfield>
    <subfield code="d">215069</subfield>
  </datafield>
</record>
